[Event "Zagreb Superbet Blitz"]
[Site "Zagreb"]
[Date "2025.07.06"]
[Round "12"]
[White "Duda, Jan Krzysztof"]
[Black "Gukesh, Dommaraju"]
[Result "0-1"]
[WhiteElo "2725"]
[BlackElo "2776"]
[PlyCount "56"]
[EventDate "2025.07.05"]
[EventType "tourn (blitz)"]
[EventRounds "18"]
[EventCountry "CRO"]
[SourceTitle "CB28_2025"]
[SourceDate "2025.07.09"]
[SourceVersion "1"]
[SourceVersionDate "2025.07.09"]
[SourceQuality "1"]

1. e4 e5 2. Nf3 Nc6 3. g3 Nf6 4. d3 Bc5 5. Bg2 d6 6. 0-0 0-0 7. c3 a5 8. a4 h6 9. Na3 Re8 10. h3 Bd7 11. Nc2 Ne7 12. Nh4 Bb6 13. Kh2 d5 14. Ne3 Be6 15. Qe2 c6 16. f4 dxe4 17. dxe4 exf4 18. gxf4 Ng6 19. Nxg6 fxg6 20. Bf3 g5 21. fxg5 Qd6+ 22. Kh1 hxg5 23. Qg2 Bc7 24. Nf5 Bxf5 25. exf5 g4 26. hxg4 Kf7 27. Rd1 Qc5 28. Rd4 Re1+ 0-1

[Event "Zagreb Superbet Blitz"]
[Site "Zagreb"]
[Date "2025.07.05"]
[Round "2"]
[White "Abdusattorov, Nodirbek"]
[Black "Gukesh, Dommaraju"]
[Result "1-0"]
[WhiteElo "2771"]
[BlackElo "2776"]
[PlyCount "123"]
[EventDate "2025.07.05"]
[EventType "tourn (blitz)"]
[EventRounds "18"]
[EventCountry "CRO"]
[SourceTitle "CB28_2025"]
[SourceDate "2025.07.09"]
[SourceVersion "1"]
[SourceVersionDate "2025.07.09"]
[SourceQuality "1"]

1. e4 e5 2. Nf3 Nc6 3. Bc4 Bc5 4. c3 Nf6 5. d3 a6 6. 0-0 Ba7 7. Re1 d6 8. a4 0-0 9. h3 h6 10. a5 b5 11. axb6 cxb6 12. d4 b5 13. Bf1 Re8 14. d5 Ne7 15. Be3 Bxe3 16. Rxe3 Rb8 17. Nbd2 Nh7 18. c4 bxc4 19. Nxc4 f5 20. Qa4 Nf6 21. Nfd2 fxe4 22. Nxe4 Nxe4 23. Rxe4 Rf8 24. Qa5 Rb5 25. Qxd8 Rxd8 26. f4 Rxd5 27. fxe5 dxe5 28. Nxe5 Rd2 29. Nc4 R2d7 30. Nb6 Bb7 31. Nxd7 Bxe4 32. Nc5 Bc6 33. Nxa6 Rd2 34. b4 Rb2 35. Rc1 Kf8 36. Rc5 Rb1 37. b5 Be4 38. Kf2 Nf5 39. Re5 Rb2+ 40. Be2 Bd3 41. Nc5 Rxe2+ 42. Rxe2 Bxb5 43. Re5 Nd6 44. Nb7 Nxb7 45. Rxb5 Nd6 46. Rd5 Ke7 47. Kf3 Ke6 48. Ra5 Nf5 49. Kf4 Ne7 50. Ra6+ Kf7 51. h4 Nd5+ 52. Ke5 Nf6 53. Kf5 g6+ 54. Ke5 Nd7+ 55. Kd6 Nf8 56. Ra3 Nh7 57. Rf3+ Kg7 58. Ke7 h5 59. g3 g5 60. Ke6 Kg6 61. Rf7 Kh6 62. Kf5 1-0

[Event "Zagreb Superbet Rapid"]
[Site "Zagreb"]
[Date "2025.07.02"]
[Round "3"]
[White "Praggnanandhaa, Rameshbabu"]
[Black "Gukesh, Dommaraju"]
[Result "0-1"]
[WhiteElo "2767"]
[BlackElo "2776"]
[PlyCount "76"]
[EventDate "2025.07.02"]
[EventType "tourn (rapid)"]
[EventRounds "9"]
[EventCountry "CRO"]
[EventCategory "21"]
[SourceTitle "CB28_2025"]
[SourceDate "2025.07.09"]
[SourceVersion "1"]
[SourceVersionDate "2025.07.09"]
[SourceQuality "1"]

1. Nf3 d5 2. g3 Bg4 3. Bg2 c6 4. h3 Bh5 5. d4 e6 6. 0-0 Nf6 7. c4 Be7 8. Nc3 0-0 9. Ne5 Nbd7 10. g4 Bg6 11. Nxg6 hxg6 12. Qd3 Bd6 13. Rd1 Re8 14. Bg5 Qc7 15. Bd2 Rad8 16. c5 Bh2+ 17. Kh1 e5 18. e3 Nf8 19. Ne2 Ne6 20. Bc3 exd4 21. Bxd4 Be5 22. b4 a5 23. a3 Ra8 24. Kg1 Nd7 25. Qc3 Nxd4 26. Nxd4 Bf6 27. Rab1 Ne5 28. b5 Nc4 29. a4 Rac8 30. Qd3 Qe7 31. bxc6 bxc6 32. Rdc1 Qxc5 33. Nxc6 Qxc6 34. Bxd5 Ne5 35. Qd1 Qd7 36. Rxc8 Rxc8 37. f4 Nc6 38. g5 Bd4 0-1

[Event "Norway Chess 13th"]
[Site "Stavanger"]
[Date "2025.06.01"]
[Round "6"]
[White "Gukesh, Dommaraju"]
[Black "Carlsen, Magnus"]
[Result "1-0"]
[WhiteElo "2787"]
[BlackElo "2837"]
[PlyCount "123"]
[EventDate "2025.05.26"]
[EventType "tourn"]
[EventRounds "10"]
[EventCountry "NOR"]
[EventCategory "22"]
[SourceTitle "CB24_2025"]
[SourceDate "2025.06.11"]
[SourceVersion "1"]
[SourceVersionDate "2025.06.11"]
[SourceQuality "1"]

1. e4 e5 2. Nf3 Nc6 3. Bb5 Nf6 4. d3 Bc5 5. c3 0-0 6. 0-0 d6 7. h3 a6 8. Ba4 h6 9. Re1 b5 10. Bc2 Bb6 11. Nbd2 Ne7 12. a4 Rb8 13. d4 Ng6 14. Nf1 c5 15. Ng3 cxd4 16. cxd4 bxa4 17. Bxa4 Bb7 18. d5 a5 19. Be3 Bc8 20. b3 Bxe3 21. Rxe3 Nf4 22. Bc6 Rb4 23. Qc2 g6 24. Kh1 Ba6 25. Qa2 Bd3 26. Nd2 h5 27. Qxa5 Qxa5 28. Rxa5 h4 29. Ra4 Rfb8 30. Ra2 Kg7 31. Ra7 Rd4 32. Nf3 hxg3 33. fxg3 Nxh3 34. gxh3 Bxe4 35. Kh2 Rd1 36. g4 Bxd5 37. Bxd5 Nxd5 38. Re2 Nf4 39. Rc2 Kf6 40. h4 Ke6 41. Ng5+ Kd5 42. Ra5+ Kd4 43. Ra4+ Kd3 44. Rf2 f6 45. Rf3+ Ke2 46. Ra2+ Rd2 47. Rxd2+ Kxd2 48. Ne4+ Ke2 49. Kg3 d5 50. Nxf6 Rf8 51. Rf2+ Ke1 52. Nd7 Ne2+ 53. Rxe2+ Kxe2 54. Nxf8 d4 55. Ne6 d3 56. Nc5 Ke3 57. Na4 e4 58. h5 gxh5 59. gxh5 Kd2 60. Nb2 e3 61. Nc4+ Ke2 62. Kf4 1-0

[Event "Norway Chess Armageddon 13th"]
[Site "Stavanger"]
[Date "2025.05.29"]
[Round "4"]
[White "Gukesh, Dommaraju"]
[Black "Caruana, Fabiano"]
[Result "1-0"]
[WhiteElo "2787"]
[BlackElo "2776"]
[PlyCount "101"]
[EventDate "2025.05.26"]
[EventType "tourn (rapid)"]
[EventRounds "10"]
[EventCountry "NOR"]
[SourceTitle "CB24_2025"]
[SourceDate "2025.06.11"]
[SourceVersion "1"]
[SourceVersionDate "2025.06.11"]
[SourceQuality "1"]

1. Nf3 Nf6 2. b3 d5 3. Bb2 c5 4. e3 g6 5. c4 dxc4 6. bxc4 Bg7 7. Be2 0-0 8. 0-0 Nc6 9. d3 Rb8 10. Nc3 a6 11. a4 b6 12. Qd2 Bf5 13. Rfd1 Qd7 14. Nd5 Be6 15. Nxf6+ exf6 16. Bc3 a5 17. Qb2 Qe7 18. Nd2 Ne5 19. d4 cxd4 20. exd4 Nd7 21. Re1 h5 22. d5 Bf5 23. Bd3 Qd6 24. Bxf5 gxf5 25. Qc2 Qf4 26. Re3 Ne5 27. Bxe5 fxe5 28. Rf3 Qd4 29. Rd1 e4 30. Rxf5 Rfe8 31. Nf1 Qc5 32. Ne3 Qd6 33. Rxh5 Qg6 34. Qe2 Rbc8 35. d6 Rcd8 36. d7 Re6 37. Rhd5 Be5 38. h4 f5 39. c5 f4 40. h5 Qf7 41. Ng4 Bc7 42. cxb6 Bxb6 43. Rd6 Kf8 44. Qb2 Bc7 45. Rxe6 Qxe6 46. Qh8+ Ke7 47. Qg7+ Qf7 48. Qg5+ Kf8 49. Ne5 Qb3 50. Rd6 e3 51. Rf6+ 1-0

[Event "Chess.com Classic Losers"]
[Site "Chess.com INT"]
[Date "2025.05.20"]
[Round "1.1"]
[White "Gukesh, Dommaraju"]
[Black "Erigaisi, Arjun Kumar"]
[Result "0-1"]
[WhiteElo "2787"]
[BlackElo "2782"]
[PlyCount "146"]
[EventDate "2025.05.20"]
[EventType "k.o. (blitz)"]
[EventRounds "6"]
[EventCountry "USA"]
[SourceTitle "CB21_2025"]
[SourceDate "2025.05.21"]
[SourceVersion "1"]
[SourceVersionDate "2025.05.21"]
[SourceQuality "1"]

1. d4 Nf6 2. c4 e6 3. Nf3 d5 4. g3 Bb4+ 5. Bd2 Be7 6. Bg2 0-0 7. 0-0 c6 8. b3 Nbd7 9. Nc3 b6 10. Re1 Ba6 11. e4 dxc4 12. Bf1 e5 13. bxc4 exd4 14. Nxd4 Ne5 15. Be3 Bb4 16. Rc1 c5 17. Nf5 Bxc3 18. Rxc3 Nxe4 19. Ra3 Bb7 20. Bf4 Qf6 21. Ne3 Ng6 22. Nd5 Bxd5 23. cxd5 Nd6 24. Bd2 h6 25. Bc3 Qg5 26. Bb2 Rfe8 27. Rxe8+ Rxe8 28. Rxa7 Qf5 29. Qd3 Qg4 30. h3 Qg5 31. Bg2 Ne5 32. Qc3 Nb5 33. Qb3 Nxa7 34. f4 c4 35. Qc3 Nb5 36. Qe3 Nf3+ 37. Qxf3 Qf5 38. Bf1 Qc2 39. Be5 f6 40. d6 fxe5 41. Qd5+ Kh7 42. Qxb5 Qg6 43. d7 Rd8 44. g4 Qd6 45. Qxc4 Rxd7 46. Qe4+ Kh8 47. fxe5 Qd4+ 48. Qxd4 Rxd4 49. Bg2 Kg8 50. Kf2 Kf7 51. Ke3 Rd1 52. Bf3 Rd8 53. Bc6 Ke6 54. Ke4 g5 55. Ba4 Rd2 56. Bb3+ Ke7 57. Kf5 Rh2 58. Kg6 Rxh3 59. Kf5 Rh4 60. Bd5 b5 61. a3 Rh3 62. Bc6 Rxa3 63. Bxb5 Rb3 64. Bc4 Rb4 65. Bg8 Rf4+ 66. Kg6 Rxg4 67. Kxh6 Rg3 68. Kg6 Rg1 69. Kf5 Rg2 70. Bd5 Rg1 71. Bf3 Kd7 72. Bg4 Ke7 73. Kxg5 Re1 0-1

[Event "Bucharest Superbet Classic 5th"]
[Site "Bucharest"]
[Date "2025.05.10"]
[Round "4"]
[White "Vachier Lagrave, Maxime"]
[Black "Gukesh, Dommaraju"]
[Result "1-0"]
[WhiteElo "2723"]
[BlackElo "2787"]
[PlyCount "61"]
[EventDate "2025.05.07"]
[EventType "tourn"]
[EventRounds "9"]
[EventCountry "ROU"]
[EventCategory "20"]
[SourceTitle "CB21_2025"]
[SourceDate "2025.05.21"]
[SourceVersion "1"]
[SourceVersionDate "2025.05.21"]
[SourceQuality "1"]

1. e4 e5 2. Nf3 Nc6 3. d4 exd4 4. Nxd4 Bc5 5. Nb3 Bb6 6. Nc3 Qf6 7. Qe2 Nge7 8. Be3 0-0 9. 0-0-0 d6 10. Qd2 Be6 11. Bb5 Qg6 12. h4 f5 13. h5 Qf7 14. h6 g6 15. Bg5 a6 16. Bxc6 Nxc6 17. Nd5 Bxd5 18. exd5 Ne5 19. Rh4 Rfe8 20. f3 Ba7 21. Kb1 Bb6 22. Na5 c5 23. dxc6 bxc6 24. Qc3 Bc5 25. Ra4 Qc7 26. a3 Ra7 27. Bf4 Qb6 28. Nb3 a5 29. Nxc5 Qxc5 30. Qxc5 dxc5 31. Re1 1-0

[Event "Bucharest Superbet Classic 5th"]
[Site "Bucharest"]
[Date "2025.05.08"]
[Round "2"]
[White "Abdusattorov, Nodirbek"]
[Black "Gukesh, Dommaraju"]
[Result "1/2-1/2"]
[WhiteElo "2771"]
[BlackElo "2787"]
[PlyCount "111"]
[EventDate "2025.05.07"]
[EventType "tourn"]
[EventRounds "9"]
[EventCountry "ROU"]
[EventCategory "20"]
[SourceTitle "CB21_2025"]
[SourceDate "2025.05.21"]
[SourceVersion "1"]
[SourceVersionDate "2025.05.21"]
[SourceQuality "1"]

1. e4 e5 2. Nf3 Nc6 3. Bc4 Bc5 4. d3 Nf6 5. Bg5 d6 6. c3 a6 7. Nbd2 Ba7 8. 0-0 h6 9. Bh4 Bg4 10. a4 Qd7 11. b4 Ne7 12. Bg3 Ng6 13. Qc2 0-0 14. d4 Nh5 15. Kh1 Rae8 16. h3 Be6 17. Bh2 Nhf4 18. Bxe6 Qxe6 19. Rae1 Qf6 20. d5 Rc8 21. c4 c6 22. Qb3 Qe7 23. a5 Qd7 24. Ng1 b5 25. axb6 Bxb6 26. Ne2 Nxe2 27. Rxe2 c5 28. b5 Ra8 29. bxa6 Rxa6 30. f4 exf4 31. Bxf4 Bd8 32. Bg3 Bf6 33. Nf3 Rfa8 34. Kh2 Qe7 35. e5 Bxe5 36. Nxe5 Nxe5 37. Bxe5 dxe5 38. Qg3 f6 39. Rb1 Ra3 40. Qg4 R3a4 41. Rb6 Rf8 42. Qe4 f5 43. Qxe5 Qxe5+ 44. Rxe5 Rxc4 45. Re7 Kh7 46. Rbb7 Rg8 47. Rbc7 Re4 48. Rxe4 fxe4 49. Rxc5 e3 50. d6 Rd8 51. Re5 Rxd6 52. Rxe3 Rc6 53. Rf3 Rd6 54. Re3 Rc6 55. Rf3 Rd6 56. Re3 1/2-1/2

[Event "Titled Tuesday intern op 25th Mar Early"]
[Site "Chess.com INT"]
[Date "2025.03.25"]
[Round "2"]
[White "Gukesh, Dommaraju"]
[Black "Pauly, Carlo"]
[Result "1-0"]
[WhiteElo "2787"]
[BlackElo "2275"]
[PlyCount "51"]
[EventDate "2025.03.25"]
[EventType "swiss (blitz)"]
[EventRounds "11"]
[EventCountry "USA"]
[SourceTitle "CB14_2025"]
[SourceDate "2024.11.01"]
[SourceVersion "1"]
[SourceVersionDate "2024.11.01"]
[SourceQuality "1"]

1. e4 c5 2. Nf3 Nc6 3. Nc3 d6 4. d4 cxd4 5. Nxd4 e5 6. Nf5 Bxf5 7. exf5 Qd7 8. Bd3 0-0-0 9. 0-0 h5 10. a4 Nge7 11. a5 Nxf5 12. a6 b6 13. Be4 Nfe7 14. Nd5 f5 15. Nxe7+ Bxe7 16. Bd5 e4 17. Ra3 Ne5 18. Be3 Qb5 19. Rb3 Qa5 20. Ra3 Qb5 21. c4 Qb4 22. Qc2 Nd3 23. Be6+ Kb8 24. Bxf5 Qxb2 25. Qa4 Qe5 26. Qc6 1-0

[Event "Titled Tuesday intern op 25th Mar Early"]
[Site "Chess.com INT"]
[Date "2025.03.25"]
[Round "8"]
[White "Gukesh, Dommaraju"]
[Black "Sarana, Alexey"]
[Result "1-0"]
[WhiteElo "2787"]
[BlackElo "2689"]
[PlyCount "187"]
[EventDate "2025.03.25"]
[EventType "swiss (blitz)"]
[EventRounds "11"]
[EventCountry "USA"]
[SourceTitle "CB14_2025"]
[SourceDate "2024.11.01"]
[SourceVersion "1"]
[SourceVersionDate "2024.11.01"]
[SourceQuality "1"]

1. c4 e6 2. Nc3 d5 3. d4 Nf6 4. cxd5 exd5 5. Bg5 c6 6. e3 Bf5 7. Nge2 h6 8. Bf4 Nbd7 9. Ng3 Be6 10. h4 Nb6 11. Bd3 Bd6 12. Qf3 Qe7 13. Nf5 Bxf5 14. Bxf5 Nc4 15. Bxd6 Nxd6 16. 0-0-0 g6 17. Bd3 0-0-0 18. Kb1 Kb8 19. Rc1 h5 20. Qe2 Ng4 21. Na4 Rhe8 22. Nc5 Qf6 23. Rc2 Re7 24. g3 Nf5 25. Qd2 Nfxe3 26. fxe3 Nxe3 27. Rcc1 Qxd4 28. Nb3 Qe5 29. Rhe1 Qxg3 30. Na5 Rde8 31. Qb4 Ka8 32. a3 Qc7 33. Ka2 Qb6 34. Qa4 f5 35. Rc3 d4 36. Rb3 Qc5 37. Rg1 Rg7 38. Rb4 Qd5+ 39. Ka1 Rd8 40. Nb3 c5 41. Rb5 Rc7 42. Rc1 Rdc8 43. Nxc5 b6 44. Rxb6 Rxc5 45. Rxc5 Qxc5 46. Qa6 Rb8 47. Rxb8+ Kxb8 48. Qxg6 Qd5 49. Qe8+ Kc7 50. Qxh5 Qh1+ 51. Ka2 Qd5+ 52. Kb1 f4 53. Qh6 f3 54. Qf4+ Kb6 55. h5 Qxh5 56. Qxd4+ Qc5 57. Qf6+ Qc6 58. Qd4+ Qc5 59. Qd8+ Kb7 60. Qd7+ Kb6 61. Qe6+ Kc7 62. Qf7+ Kb6 63. Qxf3 Qd4 64. Be2 Nd5 65. Qb3+ Kc7 66. Bc4 Nb6 67. Bb5 a5 68. Qf7+ Kd6 69. Qf8+ Kc7 70. Qe7+ Kb8 71. Bc6 Kc8 72. Qb7+ Kd8 73. Qb8+ Ke7 74. Qc7+ Kf6 75. Bb5 a4 76. Qc6+ Ke7 77. Ka2 Kf7 78. Qc7+ Kf6 79. Qc6+ Ke7 80. Kb1 Kf7 81. Kc2 Ke7 82. Qc7+ Ke6 83. Qc6+ Ke7 84. Qc3 Qf2+ 85. Kb1 Qg1+ 86. Ka2 Qg8+ 87. Kb1 Qg1+ 88. Qc1 Qd4 89. Qc7+ Ke6 90. Qc6+ Ke7 91. Qe8+ Kd6 92. Qf8+ Kd5 93. Qe8 Kc5 94. Qc6# 1-0

[Event "Titled Tuesday intern op 25th Mar Early"]
[Site "Chess.com INT"]
[Date "2025.03.25"]
[Round "9"]
[White "Gukesh, Dommaraju"]
[Black "Tang, Andrew"]
[Result "1-0"]
[WhiteElo "2787"]
[BlackElo "2529"]
[PlyCount "53"]
[EventDate "2025.03.25"]
[EventType "swiss (blitz)"]
[EventRounds "11"]
[EventCountry "USA"]
[SourceTitle "CB14_2025"]
[SourceDate "2024.11.01"]
[SourceVersion "1"]
[SourceVersionDate "2024.11.01"]
[SourceQuality "1"]

1. d4 d5 2. c4 e6 3. Nf3 Nf6 4. Nc3 Be7 5. cxd5 exd5 6. Bf4 c6 7. e3 Bf5 8. Nh4 Be4 9. a3 h6 10. Qb3 g5 11. Qxb7 gxf4 12. Qxa8 Qb6 13. Ba6 fxe3 14. 0-0 Nfd7 15. Nxe4 dxe4 16. Nf5 exf2+ 17. Rxf2 Qxa6 18. Re1 Kd8 19. Rxe4 Bf8 20. Rfe2 Kc7 21. Re8 Qb5 22. Qxa7+ Qb7 23. Qa5+ Qb6 24. Qc3 Nf6 25. Qg3+ Kd7 26. Rxb8 Qa7 27. Rxf8 1-0

[Event "Titled Tuesday intern op 25th Mar Early"]
[Site "Chess.com INT"]
[Date "2025.03.25"]
[Round "5"]
[White "Weishaeutel, Moritz"]
[Black "Gukesh, Dommaraju"]
[Result "0-1"]
[WhiteElo "2401"]
[BlackElo "2787"]
[PlyCount "68"]
[EventDate "2025.03.25"]
[EventType "swiss (blitz)"]
[EventRounds "11"]
[EventCountry "USA"]
[SourceTitle "CB14_2025"]
[SourceDate "2024.11.01"]
[SourceVersion "1"]
[SourceVersionDate "2024.11.01"]
[SourceQuality "1"]

1. e4 c6 2. d4 d5 3. exd5 cxd5 4. c4 Nf6 5. Nc3 Nc6 6. Nf3 g6 7. cxd5 Nxd5 8. Qb3 Nxc3 9. Bc4 Nd5 10. Bxd5 e6 11. Bxc6+ bxc6 12. 0-0 f6 13. Qe3 Kf7 14. Bd2 Qd5 15. Rac1 a5 16. Rfe1 Bd6 17. Qh6 Bf8 18. Qh4 h5 19. Qg3 g5 20. Qc7+ Bd7 21. Bxg5 fxg5 22. Ne5+ Ke8 23. Ng6 Bd6 24. Qb7 Rb8 25. Qa7 Rg8 26. Ne5 Rd8 27. Red1 Bxe5 28. dxe5 Qxe5 29. Rd2 Rg7 30. Rcd1 Rf7 31. Qa6 g4 32. Re2 Qb5 33. Qa7 Qxe2 34. Re1 Qxe1# 0-1

[Event "Titled Tuesday intern op 25th Mar Early"]
[Site "Chess.com INT"]
[Date "2025.03.25"]
[Round "10"]
[White "Xiong, Jeffery"]
[Black "Gukesh, Dommaraju"]
[Result "0-1"]
[WhiteElo "2636"]
[BlackElo "2787"]
[PlyCount "84"]
[EventDate "2025.03.25"]
[EventType "swiss (blitz)"]
[EventRounds "11"]
[EventCountry "USA"]
[SourceTitle "CB14_2025"]
[SourceDate "2024.11.01"]
[SourceVersion "1"]
[SourceVersionDate "2024.11.01"]
[SourceQuality "1"]

1. e4 e5 2. Nf3 Nc6 3. Nc3 Nf6 4. d4 exd4 5. Nxd4 Bb4 6. Nxc6 bxc6 7. Bd3 d6 8. 0-0 0-0 9. Na4 Re8 10. a3 Ba5 11. b4 Bb6 12. Nxb6 axb6 13. Re1 Ba6 14. Bb2 Bxd3 15. cxd3 c5 16. Rc1 Nd7 17. d4 Qg5 18. Rc3 Qe7 19. Rg3 f6 20. h4 Qf7 21. h5 h6 22. Bc1 Kh8 23. Bf4 cxd4 24. Qxd4 Qxh5 25. Qc4 Rac8 26. Rh3 Qg4 27. Qc1 h5 28. Rg3 Qe6 29. Bh6 Re7 30. Bd2 Ne5 31. Bc3 Rce8 32. Qf4 Qf7 33. Rd1 g5 34. Qc1 h4 35. Rh3 Qh5 36. Rf1 g4 37. Rh2 Kg7 38. f4 gxf3 39. Qf4 Qg5 40. Bxe5 Rxe5 41. Rxf3 Rxe4 42. Qxg5+ fxg5 0-1

[Event "Tata Steel-A 87th"]
[Site "Wijk aan Zee"]
[Date "2025.01.29"]
[Round "10"]
[White "Warmerdam, Max"]
[Black "Gukesh, Dommaraju"]
[Result "0-1"]
[WhiteElo "2646"]
[BlackElo "2777"]
[PlyCount "68"]
[EventDate "2025.01.18"]
[EventType "tourn"]
[EventRounds "13"]
[EventCountry "NED"]
[EventCategory "19"]
[SourceTitle "CB06_2025"]
[SourceDate "2025.02.05"]
[SourceVersion "1"]
[SourceVersionDate "2025.02.05"]
[SourceQuality "1"]

1. e4 d6 2. g3 c5 3. Bg2 g6 4. c3 Bg7 5. Ne2 Nc6 6. d4 cxd4 7. cxd4 Nf6 8. Nbc3 0-0 9. h3 Bd7 10. 0-0 Rb8 11. Be3 b5 12. b3 b4 13. Na4 e6 14. Nb2 a5 15. a4 bxa3 16. Rxa3 Nb4 17. Nc3 Bb5 18. Re1 d5 19. e5 Nd7 20. Qd2 Ba6 21. Rc1 Rc8 22. Raa1 Qb6 23. Nca4 Qb8 24. Bf1 Bxf1 25. Kxf1 f6 26. exf6 Nxf6 27. Rxc8 Qxc8 28. Rc1 Ne4 29. Qd1 Qb8 30. Kg1 Nxg3 31. Nc5 Nf5 32. Qg4 Qe8 33. Nbd3 Nc6 34. Nf4 Bxd4 0-1

[Event "Tata Steel-A 87th"]
[Site "Wijk aan Zee"]
[Date "2025.01.26"]
[Round "8"]
[White "Praggnanandhaa, Rameshbabu"]
[Black "Gukesh, Dommaraju"]
[Result "1/2-1/2"]
[WhiteElo "2741"]
[BlackElo "2777"]
[PlyCount "66"]
[EventDate "2025.01.18"]
[EventType "tourn"]
[EventRounds "13"]
[EventCountry "NED"]
[EventCategory "19"]
[SourceTitle "CB06_2025"]
[SourceDate "2025.02.05"]
[SourceVersion "1"]
[SourceVersionDate "2025.02.05"]
[SourceQuality "1"]

1. e4 e5 2. Nf3 Nc6 3. Bb5 Nf6 4. d3 Bc5 5. Bxc6 dxc6 6. 0-0 Qe7 7. Nbd2 a5 8. Nc4 Nd7 9. c3 0-0 10. Qc2 b6 11. Re1 Ba6 12. b3 Rfe8 13. d4 Bxc4 14. bxc4 Bd6 15. Bd2 a4 16. Rad1 f6 17. g3 Qf7 18. d5 Nc5 19. Be3 Nb7 20. dxc6 Na5 21. Bxb6 Nxc4 22. Be3 Reb8 23. Rb1 a3 24. Rb7 Rxb7 25. cxb7 Rb8 26. Qb3 Nxe3 27. fxe3 Qxb3 28. axb3 Rxb7 29. Nd2 Kf7 30. Ra1 Ke6 31. Kf2 g6 32. Ra2 f5 33. Kf3 h5 1/2-1/2

[Event "Tata Steel-A 87th"]
[Site "Wijk aan Zee"]
[Date "2025.01.18"]
[Round "1"]
[White "Gukesh, Dommaraju"]
[Black "Giri, Anish"]
[Result "1-0"]
[WhiteElo "2777"]
[BlackElo "2731"]
[PlyCount "83"]
[EventDate "2025.01.18"]
[EventType "tourn"]
[EventRounds "13"]
[EventCountry "NED"]
[EventCategory "19"]
[SourceTitle "CB06_2025"]
[SourceDate "2025.02.05"]
[SourceVersion "1"]
[SourceVersionDate "2025.02.05"]
[SourceQuality "1"]

1. Nf3 Nf6 2. g3 d5 3. Bg2 c5 4. 0-0 Nc6 5. d4 e6 6. c4 dxc4 7. Qa4 Bd7 8. dxc5 Bxc5 9. Qxc4 Be7 10. Nc3 0-0 11. e4 Rc8 12. Qe2 Bc5 13. Bg5 h6 14. Bh4 g5 15. Nxg5 hxg5 16. Bxg5 e5 17. Qd2 Be7 18. Bh6 Kh7 19. Bxf8 Bxf8 20. f4 Be6 21. Nd5 Nb4 22. fxe5 Ng4 23. Rad1 Kh8 24. Kh1 Rc2 25. Qf4 Nxd5 26. Qf3 Qb6 27. exd5 Rf2 28. Qc3 Bb4 29. Qc1 Bf5 30. Qg5 Bf8 31. Qh4+ Bh6 32. Rde1 Qxb2 33. h3 Be4 34. Rxf2 Nxf2+ 35. Kg1 Qb6 36. Qf6+ Qxf6 37. exf6 Bxg2 38. Kxg2 Nd3 39. Re8+ Kh7 40. d6 Nc5 41. Re5 Nd7 42. Re7 1-0

[Event "World-ch Ding-Gukesh"]
[Site "Singapore"]
[Date "2024.12.09"]
[Round "12"]
[White "Ding, Liren"]
[Black "Gukesh, Dommaraju"]
[Result "1-0"]
[WhiteElo "2728"]
[BlackElo "2783"]
[PlyCount "77"]
[EventDate "2024.11.25"]
[EventType "match"]
[EventRounds "14"]
[EventCountry "SIN"]
[SourceTitle "CB51_2024"]
[SourceDate "2024.12.18"]
[SourceVersion "1"]
[SourceVersionDate "2024.12.18"]
[SourceQuality "1"]

1. c4 e6 2. g3 d5 3. Bg2 Nf6 4. Nf3 d4 5. 0-0 Nc6 6. e3 Be7 7. d3 dxe3 8. Bxe3 e5 9. Nc3 0-0 10. Re1 h6 11. a3 a5 12. h3 Be6 13. Kh2 Rb8 14. Qc2 Re8 15. Nb5 Bf5 16. Rad1 Nd7 17. Qd2 Bg6 18. d4 e4 19. Ng1 Nb6 20. Qc3 Bf6 21. Qc2 a4 22. Ne2 Bg5 23. Nf4 Bxf4 24. Bxf4 Rc8 25. Qc3 Nb8 26. d5 Qd7 27. d6 c5 28. Nc7 Rf8 29. Bxe4 Nc6 30. Bg2 Rcd8 31. Nd5 Nxd5 32. cxd5 Nb8 33. Qxc5 Rc8 34. Qd4 Na6 35. Re7 Qb5 36. d7 Rc4 37. Qe3 Rc2 38. Bd6 f6 39. Rxg7+ 1-0

[Event "World-ch Ding-Gukesh"]
[Site "Singapore"]
[Date "2024.12.04"]
[Round "8"]
[White "Ding, Liren"]
[Black "Gukesh, Dommaraju"]
[Result "1/2-1/2"]
[WhiteElo "2728"]
[BlackElo "2783"]
[PlyCount "102"]
[EventDate "2024.11.25"]
[EventType "match"]
[EventRounds "14"]
[EventCountry "SIN"]
[SourceTitle "CB51_2024"]
[SourceDate "2024.12.18"]
[SourceVersion "1"]
[SourceVersionDate "2024.12.18"]
[SourceQuality "1"]

1. c4 e5 2. Nc3 Bb4 3. Nd5 Be7 4. Nf3 d6 5. g3 c6 6. Nxe7 Nxe7 7. Bg2 f6 8. 0-0 Be6 9. b3 d5 10. Ba3 0-0 11. Rc1 a5 12. Ne1 Re8 13. f4 exf4 14. Rxf4 dxc4 15. bxc4 Ng6 16. Re4 Na6 17. Nc2 Qc7 18. Nd4 Bf7 19. d3 Ne5 20. Nf3 Nd7 21. Rxe8+ Rxe8 22. Rb1 b5 23. cxb5 Qb6+ 24. Kf1 cxb5 25. Bb2 Bxa2 26. Bd4 Nac5 27. Rc1 Bb3 28. Qe1 Be6 29. Qf2 Rc8 30. Be3 Rc7 31. Nd4 Bf7 32. Nc6 Rxc6 33. Bxc6 Qxc6 34. Bxc5 h6 35. Ke1 b4 36. Qd4 Ne5 37. Kd2 Qg2 38. Qf2 Qd5 39. Qd4 Qg2 40. Qf2 Qd5 41. Qd4 Qa2+ 42. Rc2 Qe6 43. Qd8+ Kh7 44. Qxa5 b3 45. Rc1 Qd5 46. Qb4 Qg2 47. Qe4+ Qxe4 48. dxe4 b2 49. Rb1 Ba2 50. Rxb2 Nc4+ 51. Kc3 Nxb2 1/2-1/2

[Event "World-ch Ding-Gukesh"]
[Site "Singapore"]
[Date "2024.12.03"]
[Round "7"]
[White "Gukesh, Dommaraju"]
[Black "Ding, Liren"]
[Result "1/2-1/2"]
[WhiteElo "2783"]
[BlackElo "2728"]
[PlyCount "143"]
[EventDate "2024.11.25"]
[EventType "match"]
[EventRounds "14"]
[EventCountry "SIN"]
[SourceTitle "CB51_2024"]
[SourceDate "2024.12.18"]
[SourceVersion "1"]
[SourceVersionDate "2024.12.18"]
[SourceQuality "1"]

1. Nf3 d5 2. g3 g6 3. d4 Bg7 4. c4 c6 5. Bg2 Nf6 6. 0-0 0-0 7. Re1 dxc4 8. e4 Bg4 9. Nbd2 c5 10. d5 e6 11. h3 Bxf3 12. Bxf3 exd5 13. exd5 Nbd7 14. Nxc4 b5 15. Na3 Qb6 16. Bf4 Rfe8 17. Qd2 Rad8 18. Nc2 Nf8 19. b4 c4 20. Be3 Qa6 21. Bd4 Rxe1+ 22. Rxe1 Qxa2 23. Ra1 Qb3 24. Ra3 Qb1+ 25. Kg2 Rd7 26. Ra5 Qb3 27. Ra3 Qb1 28. Ra5 Qb3 29. Rxb5 Qd3 30. Qf4 Qxc2 31. Bxf6 Qf5 32. Qxf5 gxf5 33. Bxg7 Kxg7 34. Rc5 Ng6 35. Rxc4 Ne5 36. Rd4 Nc6 37. Rf4 Ne7 38. b5 Kf6 39. Rd4 h6 40. Kf1 Ke5 41. Rh4 Nxd5 42. Rxh6 Nc3 43. Rc6 Ne4 44. Ke1 f6 45. h4 Rd3 46. Bd1 f4 47. gxf4+ Kxf4 48. Bc2 Rd5 49. Rc4 f5 50. Rb4 Kf3 51. Bd1+ Kg2 52. Rb3 Re5 53. f4 Re7 54. Re3 Rh7 55. h5 Nf6 56. Re5 Nxh5 57. Rxf5 Ng3 58. Rf8 Rb7 59. Ba4 Kf3 60. f5 Kf4 61. f6 Ne4 62. Bc2 Nd6 63. Rd8 Ke5 64. Bb3 Nf7 65. Rd5+ Kxf6 66. Kd2 Rb6 67. Bc4 Rd6 68. Kc3 Rxd5 69. Bxd5 Nd6 70. Kb4 Nxb5 71. Kxb5 a6+ 72. Kxa6 1/2-1/2